La calle es libre / (Record no. 6305)

MARC details
000 -CABECERA
campo de control de longitud fija 00661nam a2200229 a 4500
005 - FECHA Y HORA DE LA ÚLTIMA TRANSACCIÓN
campo de control 20240806063808.0
008 - ELEMENTOS DE LONGITUD FIJA--INFORMACIÓN GENERAL
campo de control de longitud fija 991125s1983 mx 000 0 spa u
020 ## - NÚMERO INTERNACIONAL NORMALIZADO PARA LIBROS
Número Internacional Estándar del Libro 9682911745
035 ## - NÚMERO DE CONTROL DEL SISTEMA
Número de control de sistema UPN01000006305
049 ## - COLECCIÓN
Colección I
050 #4 - SIGNATURA TOPOGRÁFICA DE LA BIBLIOTECA DEL CONGRESO
Número de clasificación PZ77 V4
Número de documento/Ítem K8
100 1# - ASIENTO PRINCIPAL--NOMBRE PERSONAL
Nombre de persona Karusa
245 13 - MENCIÓN DE TÍTULO
Título La calle es libre /
Mención de responsabilidad, etc. texto Karusa ; il. Monika Doppert.
260 ## - PUBLICACIÓN, DISTRIBUCIÓN, ETC.
Lugar de publicación, distribución, etc. México :
Nombre del editor, distribuidor, etc. SEP,
Fecha de publicación, distribución, etc. 1983..
300 ## - DESCRIPCIÓN FÍSICA
Extensión [46], [3] p. :
Otras características físicas il.
440 #0 - MENCIÓN DE SERIE/ASIENTO SECUNDARIO--TÍTULO
Título Cascada.
Nombre de parte o sección de la obra Para leer en voz alta
650 #4 - ASIENTO SECUNDARIO DE MATERIA - TERMINO TEMATICO
Término de materia o nombre geográfico como elemento de entrada COMUNIDAD, ORGANIZACION DE LA
9 (RLIN) 8907
650 #0 - ASIENTO SECUNDARIO DE MATERIA - TERMINO TEMATICO
Término de materia o nombre geográfico como elemento de entrada Cuentos venezolanos
9 (RLIN) 9137
650 #4 - ASIENTO SECUNDARIO DE MATERIA - TERMINO TEMATICO
Término de materia o nombre geográfico como elemento de entrada Literatura juvenil
9 (RLIN) 5153
905 ## - TIPO DE MATERIAL
Tipo de material Infantil
Holdings
Estado de retiro Estado de pérdida Fuente del sistema de clasificación o colocación Estado dañado No para préstamo Código de colección Localización permanente Ubicación/localización actual Ubicación en estantería Total de préstamos Clasificación Código de barras Fecha visto por última vez Número de copia Tipo de ítem Koha Fecha de adquisición Fecha del último préstamo
    Library of Congress Classification     Infantil Bib. Gregorio Torres Quintero Bib. Gregorio Torres Quintero Sala infantil Planta baja   PZ77 V4 K8 18886F 31/12/2020 1 Libro    
    Library of Congress Classification     Infantil Bib. Gregorio Torres Quintero Bib. Gregorio Torres Quintero Sala infantil Planta baja 2 PZ77 V4 K8 18799F 29/05/2023 1 Libro 19/05/2023 19/05/2023
    Library of Congress Classification     Infantil Bib. Gregorio Torres Quintero Bib. Gregorio Torres Quintero Sala infantil Planta baja 1 PZ77 V4 K8 19792F 31/12/2020 1 Libro    
    Library of Congress Classification     Infantil Bib. Gregorio Torres Quintero Bib. Gregorio Torres Quintero Sala infantil Planta baja   PZ77 V4 K8 18798F 31/12/2020 1 Libro